| 000 | 00589nam a2200193Ia 4500 | ||
|---|---|---|---|
| 005 | 20221117090828.0 | ||
| 008 | 131103s9999 xx 000 0 und d | ||
| 040 | _aLoreto College | ||
| 041 | _aEnglish | ||
| 082 |
_a821.7 _bSHE-HUG |
||
| 245 |
_aShelley _b poetry and prose : with essays by Browing,Bagehot,Swinburne and reminiscences by others _cA.M.D.Hughes |
||
| 260 |
_aOxford _bClarendon Press _c1950 |
||
| 300 | _axxii,224 p. | ||
| 650 | _aEnglish Poetry | ||
| 651 | _aShelley,Percy Bysshe - Poems - Collections | ||
| 700 | _aHughes,A.M.D. | ||
| 850 | _aLCLIB | ||
| 942 | _cBK | ||
| 999 |
_c5787 _d56266 |
||